| 000 | 00853nam a22002057a 4500 | ||
|---|---|---|---|
| 003 | OSt | ||
| 005 | 20170608093112.0 | ||
| 008 | 150408b xxu||||| |||| 00| 0 eng d | ||
| 040 | _cBMC | ||
| 082 | _a670.42 | ||
| 100 | 1 |
_939452 _aAlonzo Magaña, Jaime Manuel |
|
| 245 | 1 | 0 |
_aPasantía en Cemento de El Salvador S.A. de C.V. (Planta Maya y Ronco) Metapán _b: Informe final _cJaime Manuel Alonzo Magaña |
| 260 |
_aSanta Ana (El Salvador) _bUniversidad Católica de Occidente _c2003 |
||
| 300 |
_a38 h. _bil. col _c28 cm |
||
| 500 | _aPrecede al tít.: Universidad Católica de Occidente, Facultad de Ingeniería y Arquitectura | ||
| 502 | _aPara optar al título de: Ingeniero Industrial | ||
| 650 | 2 | 4 |
_919919 _aIngeniería industrial |
| 710 | 2 |
_91166 _aUniversidad Católica de El Salvador _bFacultad de Ingeniería y Arquitectura |
|
| 942 |
_2ddc _cTG |
||
| 999 |
_c25540 _d25540 |
||